| 000 | 00515nam a2200193Ia 4500 | ||
|---|---|---|---|
| 005 | 20250508150708.0 | ||
| 008 | 008 250505s9999 xx 000 0 eng d | ||
| 037 | _aTextual | ||
| 040 |
_aFEDL _beng _cFEDL |
||
| 041 |
_aeng _2eng |
||
| 084 |
_a370.4, SHR _qFEDL |
||
| 100 |
_aShrimall K. L. _9757236 |
||
| 245 | 0 | _aAdventures in education | |
| 260 |
_aUdaipur, India _bVidya Bhawan Society |
||
| 300 | _a92p. | ||
| 650 | _aEducation | ||
| 942 |
_cTEXL _h370.4, SHR |
||
| 999 |
_c1325110 _d1325110 |
||